Normal view
MARC view
Entry Topical Term
001 - CONTROL NUMBER
- control field: 4599
003 - CONTROL NUMBER IDENTIFIER
- control field: dpl
005 - DATE AND TIME OF LATEST TRANSACTION
- control field: 20100802164549.0
008 - FIXED-LENGTH DATA ELEMENTS
- fixed length control field: 100802|||a|||||| | ||| d
040 ## - CATALOGING SOURCE
- Original cataloging agency: dpl
- Transcribing agency: dpl
150 ## - HEADING--TOPICAL TERM
- Topical term or geographic name as entry element: Budhist literature
670 ## - SOURCE DATA FOUND
- Source citation: Work cat.: (dpl)38804: Silk, Jonathan A. 4598, Riven by lust ;, 2009
670 ## - SOURCE DATA FOUND
- Source citation: Work cat.: (dpl)38804: Silk, Jonathan A. 4598, Riven by lust ;, 2009
